U.S. / Japan outlook : A digest of Amerian views of Japan
Enregistré dans:
| Format: | Livre |
|---|---|
| Langue: | Undetermined |
| Publié: |
Chicago
Japan Trade Centers
|
| Sujets: | |
| Tags: |
Ajouter un tag
Pas de tags, Soyez le premier à ajouter un tag!
|
| Thư viện lưu trữ: | Trung tâm Học liệu Trường Đại học Cần Thơ |
|---|
| LEADER | 00468nam a2200169Ia 4500 | ||
|---|---|---|---|
| 001 | CTU_96810 | ||
| 008 | 210402s9999 xx 000 0 und d | ||
| 082 | |a 952 | ||
| 082 | |b U58/Vol.2 | ||
| 245 | 0 | |a U.S. / Japan outlook : | |
| 245 | 2 | |b A digest of Amerian views of Japan | |
| 260 | |a Chicago | ||
| 260 | |b Japan Trade Centers | ||
| 650 | |a Japan | ||
| 650 | |x Foreign economic relations | ||
| 904 | |i M.Loan | ||
| 980 | |a Trung tâm Học liệu Trường Đại học Cần Thơ | ||